Systém na programovú podporu výučby problematiky pamäti CACHE-HTML aplikácia

Salvato in:
Dettagli Bibliografici
Autore principale: Mrva , Ivan, 1985- (Autore)
Altri autori: Tomalová, Elena, 1947- (Relatore della tesi)
Natura: Manoscritto Libro
Lingua:slovacco
Pubblicazione: STU v Bratislave FIIT, 2008
Soggetti:
Tags: Aggiungi Tag
Nessun Tag, puoi essere il primo ad aggiungerne!!

MARC

LEADER 00000ntm a22000003a 4500
001 stu166408
005 20180403130610.2
008 080704s2008----xo------------------slo-d
040 |a STU  |b slo 
041 0 |a slo 
044 |a xo 
100 1 |a Mrva , Ivan,  |d 1985-  |4 aut  |X 30663  |7 A000030663 
245 1 |a Systém na programovú podporu výučby problematiky pamäti CACHE-HTML aplikácia 
260 |b STU v Bratislave FIIT,  |c 2008 
300 |a 50 s  |c príl. 
650 7 |a počítačové inžinierstvo  |2 stusub 
700 1 |a Tomalová, Elena,  |d 1947-  |4 ths  |u I100  |U FIIT Fakulta informatiky a informačných technológií  |T FIIT Ústav počítačových systémov a sietí  |X 1826  |U I100  |Y 178  |7 A000001826 
996 |c I*DP46/08  |l II680  |s P  |a 0  |w stu166408_0001